01525nam a22003494a 4500001000400000003000800004005001700012008004100029022001800070040000800088041001300096082001500109100003400124240002700158245008100185250001200266260004300278300001200321500000600333520046000339650002900799650002500828650001500853650003500868655001600903655001900919700003700938830004000975942001501015952013201030999001301162499BR-IBIA20260129140858.0260129s2013 bl g 000 f por  a9788501092717 bpor1 aporheng04a813bC591c aClare, Cassandrad1973-9106800aCity of Fallen Angels:10aCidade dos anjos caídos/cCassandra Clare ; tradução de Rita Sussekind a1. ed.- aRio de Janeiro:bGalera Record,c2015. a429p. ; a  aA guerra acabou e Caçadores de Sombras e integrantes do submundo parecem estar em paz. Clary está de volta a Nova York, treinando para usar seus poderes. Tudo parece bem, mas alguém está assassinando Caçadores e reacendendo as tensões entre os dois grupos, o que pode gerar uma segunda guerra sangrenta. Quando Jace começa a se afastar sem nenhuma explicação, Clary começa a desvendar um mistério que se tornará seu pior pesadelo. 00aLiteratura Americana98400aRomance juvenil998100aMagia978500aConflito entre bem e mal91069 aRomance923 aFicção922 aSüssekind, Rita Lagoeiro91070 aOs instrumentos mortais;vv.491071 2ddcn0cBK 00102ddc40708FICaBIBIBbBIBIBcLEd2026-01-29edoaçãol0o813 / C591cp2026-17433r2026-01-29 09:13:30w2026-01-29yBK c499d499